The autobiography of William Cobbett (Record no. 85890)

MARC details
000 -LEADER
fixed length control field 00548cam a2200217 4500
001 - CONTROL NUMBER
control field D12433
008 - FIXED-LENGTH DATA ELEMENTS--GENERAL INFORMATION
fixed length control field 1947 a
035 ## - SYSTEM CONTROL NUMBER
System control number (Sirsi) u3485
041 ## - LANGUAGE CODE
Language code of text/sound track or separate title eng
050 04 - LIBRARY OF CONGRESS CALL NUMBER
Classification number 920 $2 18
100 1# - MAIN ENTRY--PERSONAL NAME
Personal name Cobbett, William
245 04 - TITLE STATEMENT
Title The autobiography of William Cobbett
260 ## - PUBLICATION, DISTRIBUTION, ETC.
Place of publication, distribution, etc. London
Name of publisher, distributor, etc. Faber & Faber
Date of publication, distribution, etc. 1947
300 ## - PHYSICAL DESCRIPTION
Extent 272 p.
Dimensions 19 cm.
350 ## - PRICE (NR) (BK AM CF MU VM SE) [OBSOLETE]
Price 0
651 #4 - SUBJECT ADDED ENTRY--GEOGRAPHIC NAME
Geographic name Great Britain
Chronological subdivision 1707-
690 ## - LOCAL SUBJECT ADDED ENTRY--TOPICAL TERM (OCLC, RLIN)
Topical term or geographic name as entry element ENVIRONMENTAL AND LAND CONSULTANCY
700 1# - ADDED ENTRY--PERSONAL NAME
Personal name Reitzel, William
942 ## - ADDED ENTRY ELEMENTS (KOHA)
Suppress in OPAC 0
948 ## - LOCAL PROCESSING INFORMATION (OCLC); SERIES PART DESIGNATOR (RLIN)
c (OCLC) 04/03/1997
Holdings
Withdrawn status Lost status Source of classification or shelving scheme Damaged status Not for loan Home library Current library Shelving location Date acquired Total Checkouts Full call number Barcode Date last seen Copy number Price effective from Koha item type
    Other/Generic Classification Scheme     London London Reference copy 14/09/1999   920 COB 30014269 06/08/2019 1 06/08/2019 Book